Agenda de la Administracin̤ Pb︢lica Federal

Detalles Bibliográficos
Formato: eBook
Lenguaje:español
Publicado: Ciudad de Mx̌ico: Ediciones Fiscales ISEF, 2019
Materias:
Acceso en línea:Acceso restringido

MARC

LEADER 00000nam a22000007a 4500
005 20190516224846.0
007 cr|||| ||||
008 190516s2019 mx |||||s|||| 00||0 spa d
020 |a 978-607-541-076-0 
035 |a 23239 
040 |a vLex 
090 |c 8725  |d 8725 
245 0 0 |a Agenda de la Administracin̤ Pb︢lica Federal  |h [Recurso electrn̤ico] / 
256 |a Servicio en ln̕ea 
260 |a Ciudad de Mx̌ico:  |b Ediciones Fiscales ISEF,  |c 2019 
300 |a 1 recurso electrn̤ico 
506 1 |a Disponible solo en los productos indicados  |d vLex Global  |d vLex Global (Academic Edition, excluding Law Schools)  |d vLex Global (U.S. Academic Edition, Law Schools)  |d vLex Global (U.S. Academic Edition, excluding Law Schools)  |d vLex Global (Academic Edition, Law Schools) 
650 0 4 |a Derecho Pb︢lico y Administrativo  |z Mx̌ico 
740 0 |a vLex Libros (Servicio en ln̕ea) 
856 4 0 |u http://vlex.com/source/agenda-administracion-publica-federal-23239  |z Acceso restringido 
942 |c BOOK 
999 0 |a Public and Administrative Law